Normal view
MARC view
- Lieberman, Lauren J.
Entry Personal Name
001 - CONTROL NUMBER
- control field: 64388
003 - CONTROL NUMBER IDENTIFIER
- control field: OSt
005 - DATE AND TIME OF LATEST TRANSACTION
- control field: 20241206094806.0
008 - FIXED-LENGTH DATA ELEMENTS
- fixed length control field: 241206|| aca||aabn | a|a d
040 ## - CATALOGING SOURCE
- Original cataloging agency: OSt
100 ## - HEADING--PERSONAL NAME
- Personal name: Lieberman, Lauren J.
- Relator term: author.
